Biblioteca de la agricultura /

Guardado en:
Autor Principal: Yuste Pérez, María Paz.
Formato: Libro
Idioma:Undetermined
Publicado: Barcelona : Idea Books, [1997]
Etiquetas: Agregar Etiqueta
Sin Etiquetas, Sea el primero en etiquetar este registro!
LEADER 01009nam a22002175a 4500
001 EEA.libagro009913
005 20161007132955.0
008 140625s1997####sp#######b####000#0#und#d
020 |a 8482360892 (obra completa) 
020 |a 8482360906 (v. 1) 
020 |a 8482360922 (v. 2) 
020 |a 8482360949 (v. 3) 
100 1 |a Yuste Pérez, María Paz. 
245 1 0 |a Biblioteca de la agricultura /  |c dirección de la obra María Paz Yuste Pérez. 
260 |a Barcelona :  |b Idea Books,  |c [1997] 
300 |a 3 v. :  |b fot. col. ;  |c 30 cm. 
504 |a Incluye referencias bibliográficas. 
505 0 |a v. 1. Suelos, abonos y materia orgánica, los frutales -- v. 2. Defensa de las plantas cultivadas, técnicas agrícolas en cultivos extensivos -- v. 3. Horticultura, cultivo en invernadero. 
859 |a AR-BbBCA  |b BIB. AGRONOMIA  |h 630  |i P348  |p 1998/3278  |v Vol. 1  |3 Vol. 1 
859 |a AR-BbBCA  |b BIB. AGRONOMIA  |h 630  |i P348  |p 1998/3279  |v Vol. 2  |3 Vol. 2 
859 |a AR-BbBCA  |b BIB. AGRONOMIA  |h 630  |i P348  |p 1998/3280  |v Vol. 3  |3 Vol. 3